| 000 | 00651nam a22002057a 4500 | ||
|---|---|---|---|
| 005 | 20160209172601.0 | ||
| 008 | s2010 ck 000 spa d | ||
| 020 | _a9789588593166 | ||
| 040 |
_aCO-BoIAVH _cCO-BoIAVH |
||
| 041 | _aspa | ||
| 044 | _ack | ||
| 082 |
_a588.0981 _bC56f |
||
| 100 | 1 | _aCifuentes García, Libia Mayerly | |
| 245 | 0 | _aFlórula de musgos de la sonadora, Calarcá, Quindío | |
| 260 |
_aArmenia _bUniversidad del Quindío _c2010 |
||
| 300 |
_a51 p. _bil., tablas _c24 cm. |
||
| 650 |
_aMusgos _zCalarcá (Quindío, Colombia) |
||
| 650 |
_aBriófitos _zCalarcá (Quindío, Colombia) |
||
| 942 |
_2ddc _cLIBRO |
||
| 999 |
_c7538 _d7538 |
||